Hodnotenie zabiehavosti zlievarenských kovov a zliatin : Bakalárska práca

Gespeichert in:
Bibliographische Detailangaben
1. Verfasser: Tkáčiková, Jana (Verfasst von)
Weitere Verfasser: Tóth, Roman, 1973- (xxx)
Format: Manuskript Buch
Sprache:Slowakisch
Veröffentlicht: Trnava : STU v Bratislave MtF KZl, 2003
Schlagworte:
Tags: Tag hinzufügen
Keine Tags, Fügen Sie das erste Tag hinzu!

MARC

LEADER 00000ntm a22000003a 4500
001 stu84154
005 20160719154833.5
008 040219s2003----xo------------------slo-d
040 |a STU  |b slo 
041 0 |a slo 
044 |a xo 
100 1 |a Tkáčiková, Jana  |4 aut 
245 1 |a Hodnotenie zabiehavosti zlievarenských kovov a zliatin :  |b Bakalárska práca 
260 |a Trnava :  |b STU v Bratislave MtF KZl,  |c 2003 
300 |a 41 s 
650 7 |a technológie strojárskej výroby  |2 stusub 
650 7 |a zlievárenstvo  |2 stusub 
700 1 |a Tóth, Roman,  |d 1973-  |4 xxx  |u M230  |U MTF Ústav výrobných technológií  |T MTF Katedra zlievarenstva  |X 4172  |U M230  |Y M230  |7 A000004172 
996 |b 284M055042  |c M*BP-442  |l MMSKP  |s P  |a 0  |w stu84154_0001